000 00752nam a22002417a 4500
008 131104b xxu||||| |||| 00| 0 eng d
020 _a81-85589-05-4
024 _cAvailable
037 _cAvailable
040 _aMBSTU LIBRARY
_dMBSTU LIBRARY
082 _222
_a363.780954 SUE
100 _aSubramanian, V.
245 _aEnvironmental hazards in South Asia.
260 _aNew Delhi
_bCapital Publishing Company.
_c2002
300 _a25 cm.
_b296 page
_f1
_g25 cm.
600 _2Pest control- South Asia.
650 _2Pest control- South Asia.
700 _aSubramanian, V.
270 _aNew Delhi
_bNew Delhi
_dIndia
365 _b7600.00
_d7600.00
942 _2ddc
_cBK
999 _c781
_d781